000 00543nam a2200181 4500
001 113241
003 ES-MaACL
005 20230906185817.0
007 t|
008 061121s1964 mx r ||||1| spa d
100 1 _aMyrdal, Gunnar.
_984763
245 1 3 _aEl reto a la sociedad opulenta /
_cGunnar Myrdal : [traducción de Carlos Gerhard].
250 _a[1ª ed.].
260 _aMéxico :
_bFondo de Cultura Económica,
_c1964.
300 _a222 p. ;
_c17 cm.
700 1 _aGerhard, Carlos.
_956442
852 _aES-MaACL
_jA-10272
_bR.99458
999 _c113241
_d113241